000 00481nam a2200181Ia 4500
001 18068
005 20260306171603.0
008 260306s9999||||xx |||||||||||||| ||und||
041 _aESP
082 _a658.4
_bM26
100 _aMarcum, Dave
_eAUT
245 0 _aBusiness think:
_bprincipios para tomar decisiones acertadas en los negocios: ¡ahora y en cualquier situación!
260 _c2003
300 _a
_c
650 _aGEN
654 _aCAN
942 _cLIB
_dJUS
_fJUS
_2ddc
_n
999 _c18068
_d18068